<?xml version="1.0" encoding="UTF-8"?>
<collection xmlns="http://www.loc.gov/MARC21/slim">
 <record>
  <leader>05119nam a2200289 a 4500</leader>
  <controlfield tag="001">1/44758</controlfield>
  <controlfield tag="008">140630s2002    ne            001 0 eng  </controlfield>
  <datafield tag="020" ind1=" " ind2=" ">
   <subfield code="a">9780124438958</subfield>
  </datafield>
  <datafield tag="020" ind1=" " ind2=" ">
   <subfield code="a">0124438954</subfield>
  </datafield>
  <datafield tag="035" ind1=" " ind2=" ">
   <subfield code="l">47712</subfield>
  </datafield>
  <datafield tag="040" ind1=" " ind2=" ">
   <subfield code="a">OPELS</subfield>
   <subfield code="b">eng</subfield>
   <subfield code="c">OPELS</subfield>
   <subfield code="d">OCLCQ</subfield>
   <subfield code="d">ZMC</subfield>
   <subfield code="d">OCLCQ</subfield>
   <subfield code="d">OCLCF</subfield>
   <subfield code="d">GR-PeUP</subfield>
  </datafield>
  <datafield tag="245" ind1="0" ind2="0">
   <subfield code="a">Database and data communication network systems</subfield>
   <subfield code="h">[electronic resource] :</subfield>
   <subfield code="b">techniques and applications /</subfield>
   <subfield code="c">edited by Cornelius T. Leondes.</subfield>
  </datafield>
  <datafield tag="260" ind1=" " ind2=" ">
   <subfield code="a">Amsterdam ;</subfield>
   <subfield code="a">Boston :</subfield>
   <subfield code="b">Academic Press,</subfield>
   <subfield code="c">c2002.</subfield>
  </datafield>
  <datafield tag="300" ind1=" " ind2=" ">
   <subfield code="a">1 online resource (3 v.) :</subfield>
   <subfield code="b">ill.</subfield>
  </datafield>
  <datafield tag="505" ind1="0" ind2="0">
   <subfield code="t">Contributors --</subfield>
   <subfield code="t">Foreword /</subfield>
   <subfield code="r">Mario Gerla--</subfield>
   <subfield code="t">Preface /</subfield>
   <subfield code="r">C.T. Leondes --</subfield>
   <subfield code="g">v. 1.</subfield>
   <subfield code="t">Emerging Database System Architectures /</subfield>
   <subfield code="r">Timon C. Du --</subfield>
   <subfield code="t">Data Mining /</subfield>
   <subfield code="r">Doheon Lee and Myoung Ho Kim --</subfield>
   <subfield code="t">Object-Oriented Database Systems /</subfield>
   <subfield code="r">Hiroshi Ishikawa --</subfield>
   <subfield code="t">Query Optimization Concepts and Methodologies in Multidatabase Systems /</subfield>
   <subfield code="r">Chiang Lee --</subfield>
   <subfield code="t">Development of Multilevel Secure Database Systems /</subfield>
   <subfield code="r">Elisa Bertino and Elena Ferrari --</subfield>
   <subfield code="t">Fuzzy Query Processing in the Distributed Relational Databases Environment /</subfield>
   <subfield code="r">Shyi-Ming Chen and Hsin-Horng Chen --</subfield>
   <subfield code="t">Data Compression: Theory and Techniques /</subfield>
   <subfield code="r">Gβabor Galambos and Jβozsef Bβekβesi --</subfield>
   <subfield code="t">Geometric Hashing and Its Applications /</subfield>
   <subfield code="r">Gill Barequet --</subfield>
   <subfield code="t">Intelligent and Heuristic Approaches and Tools for the Topological Design of Data Communication Networks /</subfield>
   <subfield code="r">Samuel Pierre.</subfield>
  </datafield>
  <datafield tag="505" ind1="0" ind2="0">
   <subfield code="g">v. 2.</subfield>
   <subfield code="t">Multimedia Database Systems in Education, Training, and Product Demonstration --</subfield>
   <subfield code="t">Timothy K. Shih --</subfield>
   <subfield code="t">Data Structure in Rapid Prototyping and Manufacturing /</subfield>
   <subfield code="r">Chua Chee Kai, Jacob Gan, Du Zhaohui, and Tong Mei --</subfield>
   <subfield code="t">Database Systems in Manufacturing Resource Planning /</subfield>
   <subfield code="r">M. Ahsan Akhtar Hasin and P.C. Pandey --</subfield>
   <subfield code="t">Developing Applications in Corporate Finance: An Object-Oriented Database Management Approach /</subfield>
   <subfield code="r">Irene M.Y. Woon and Mong Li Lee --</subfield>
   <subfield code="t">Scientific Data Visualization: A Hypervolume Approach for Modeling and Rendering of Volumetric Data Sets /</subfield>
   <subfield code="r">Sangkun Park and Kunwoo Lee --</subfield>
   <subfield code="t">The Development of Database Systems for the Construction of Virtual Environments with Force Feedback /</subfield>
   <subfield code="r">Hiroo Iwata --</subfield>
   <subfield code="t">Data Compression in Information Retrieval Systems /</subfield>
   <subfield code="r">Shmuel Tomi Klein.</subfield>
  </datafield>
  <datafield tag="505" ind1="0" ind2="0">
   <subfield code="g">v. 3. --</subfield>
   <subfield code="t">Information Data Acquisition on the World Wide Web During Heavy Client/Server Traffic Periods /</subfield>
   <subfield code="r">Stathes Hadjiefthymiades and Drakoulis Martakos --</subfield>
   <subfield code="t">Information Exploration on the World Wide Web /</subfield>
   <subfield code="r">Xindong Wu, Sameer Pradhan, Jian Chen, Troy Milner, and Jason Lowder --</subfield>
   <subfield code="t">Asynchronous Transfer Mode (ATM) Congestion Control in Communication and Data Network Systems /</subfield>
   <subfield code="r">Saverio Mascolo and Mario Gerla --</subfield>
   <subfield code="t">Optimization Techniques in Connectionless (Wireless) Data Systems on ATM-Based ISDN Networks and their Applications /</subfield>
   <subfield code="r">Rong-Hong Jan and I-Fei Tsai --</subfield>
   <subfield code="t">Integrating Databases, Data Communication, and Artificial Intelligence for Applications in Systems Monitoring and Safety Problems --</subfield>
   <subfield code="t">Paolo Salvaneschi and Marco Lazzari --</subfield>
   <subfield code="t">Reliable Data Flow in Network Systems in the Event of Failures /</subfield>
   <subfield code="r">Wataru Kishimoto --</subfield>
   <subfield code="t">Techniques in Medical Systems Intensive Care Units /</subfield>
   <subfield code="r">Bernardino Arcay, Carlos Dafonte, and Josβe. Taboada --</subfield>
   <subfield code="t">Wireless Asynchronous Transfer Mode (ATM) in Data Networks for Mobile Systems /</subfield>
   <subfield code="r">C. Apostolas, G. Sfikas, and R. Tafazolli --</subfield>
   <subfield code="t">Supporting High-Speed Applications on Singaren ATM Network /</subfield>
   <subfield code="r">Ngoh Lek-Heng and Li Hong-Yi.</subfield>
  </datafield>
  <datafield tag="520" ind1=" " ind2=" ">
   <subfield code="a">Database and Data Communication Network Systems examines the utilization of the Internet and Local Area/Wide Area Networks in all areas of human endeavor. This three-volume set covers, among other topics, database systems, data compression, database architecture, data acquisition, asynchronous transfer mode (ATM) and the practical application of these technologies. The international collection of contributors was culled from exhaustive research of over 100,000 related archival and technical journals. This reference will be indispensable to engineering and computer science libraries, research libraries, and telecommunications, networking, and computer companies. It covers a diverse array of topics, including: * Techniques in emerging database system architectures * Techniques and applications in data mining * Object-oriented database systems * Data acquisition on the WWW during heavy client/server traffic periods * Information exploration on the WWW * Education and training in multimedia database systems * Data structure techniques in rapid prototyping and manufacturing * Wireless ATM in data networks for mobile systems * Applications in corporate finance * Scientific data visualization * Data compression and information retrieval * Techniques in medical systems, intensive care units.</subfield>
  </datafield>
  <datafield tag="504" ind1=" " ind2=" ">
   <subfield code="a">Includes bibliographical references and index.</subfield>
  </datafield>
  <datafield tag="650" ind1=" " ind2="4">
   <subfield code="a">Distributed databases.</subfield>
  </datafield>
  <datafield tag="650" ind1=" " ind2="4">
   <subfield code="a">Computer network.</subfield>
  </datafield>
  <datafield tag="655" ind1=" " ind2="4">
   <subfield code="a">Electronic books.</subfield>
  </datafield>
  <datafield tag="700" ind1="1" ind2=" ">
   <subfield code="a">Leondes, Cornelius T.</subfield>
  </datafield>
  <datafield tag="852" ind1=" " ind2=" ">
   <subfield code="a">INST</subfield>
   <subfield code="b">UNIPILB</subfield>
   <subfield code="c">EBOOKS</subfield>
   <subfield code="e">20140630</subfield>
   <subfield code="p">00b47712</subfield>
   <subfield code="q">00b47712</subfield>
   <subfield code="t">ONLINE</subfield>
   <subfield code="y">0</subfield>
  </datafield>
  <datafield tag="856" ind1="4" ind2="0">
   <subfield code="3">ScienceDirect</subfield>
   <subfield code="u">http://www.sciencedirect.com/science/book/9780124438958</subfield>
  </datafield>
  <datafield tag="856" ind1="4" ind2=" ">
   <subfield code="d">/webopac/covers/03/47712_9780124438958.jpg</subfield>
  </datafield>
  <datafield tag="856" ind1="4" ind2=" ">
   <subfield code="d">/webopac/covers/03/47712_0124438954.jpg</subfield>
  </datafield>
 </record>
</collection>
